Statistics for Music by Letter - B

Click here to take the quiz!

General Stats

  • This quiz has been taken 10,929 times
  • The average score is 17 of 24

Answer Stats

HintAnswer% Correct
Pop diva SpearsBritney
96%
Classical composers called
"The Three Bs"
Beethoven
93%
Joel or IdolBilly
92%
Former "Destiny's Child" singerBeyoncé
91%
Scottish Highlands instrumentBagpipes
89%
Classical composers called "The Three Bs"Bach
88%
Street for New York musicalsBroadway
86%
B.B. King's musical genreBlues
82%
Male voice between bass and tenorBaritone
80%
A metronome indicates thisBeat
77%
Conductor's stickBaton
74%
Cellist's stickBow
71%
Period of music from approx. 1600-1750Baroque
70%
"Don't Worry, be Happy" singer McFerrinBobby
69%
Brazilian music genre{Bossa} Nova
67%
Band often abbreviated as BSBBackstreet Boys
66%
Rossini opera "The ______ of Seville"Barber
66%
Double reed orchestral instrumentBassoon
61%
"Love Shack" bandB-52's
59%
Street performerBusker
54%
Classical composers called "The Three Bs"Brahms
53%
U2 album: "Achtung ____"Baby
48%
Repetitive orchestral work by RavelBolero
38%
David Bowie's final albumBlackstar
22%

Score Distribution

Percentile by Number Answered

Percent of People with Each Score

Your Score History

You have not taken this quiz